000 00206nam a22000977a 4500
041 _aeng
080 _a80
100 _aClason, W. E.
245 _aLexicon of International and National Units.
999 _c280698
_d280698
942 _cBK